00582nam a2200157 a 450000100100000000500170001000800410002704000250006824500620009326000360015530000210019150000210021250400690023395201050030299900170040700003658420200930075819.0120120s1982 xxu 000 0 spa d aDO-SdBNPbspacBNPHU00aNuclear medicine annual 1982 /ceditor Leonar m. Freeman. aNew York :bRaven Press,c1982. a410 p. ;c26 cm. aIncluye índice aIncluye referencias bibliográficas al final de cada capítulo 001050718MOaGRbGRcCTd2012-01-20iLF1l0o p36584-10r2020-06-25w2020-06-25y1ZNo se presta c36075d36075